| 000 | 00428nam a2200157 i 4500 | ||
|---|---|---|---|
| 001 | bg | ||
| 100 | 1 | _aCOFFRON, James W. | |
| 245 | 0 |
_aTechnika sprzęgania układów w systemach mikroprocesorowych / _cW. James Coffron, E. William Long. |
|
| 260 |
_aWarszawa, _c1988. |
||
| 700 | 1 | _aLONG, William E. | |
| 040 | _cBPK | ||
| 041 | _apol | ||
| 080 | _a681.322:681.327 | ||
| 942 | _cKS | ||
| 008 | s pl f |000 0 pol | ||
| 999 |
_c3524 _d3524 |
||
| 856 |
_uhttp://koha.tu.koszalin.pl/cgi-bin/koha/opac-detail.pl?biblionumber=3524 _yKatalog online BPK |
||